| 000 | 00556nam a2200169 i 4500 | ||
|---|---|---|---|
| 001 | 96029 | ||
| 003 | ES-MaACL | ||
| 005 | 20230906181825.0 | ||
| 007 | t| | ||
| 008 | 050609s1956 sp ||||1| spa d | ||
| 100 | 1 |
_aMc Bain, James W. _979514 |
|
| 245 | 1 | 0 |
_aCiencia de los coloides _b: física, química y técnica / _cJames W. Mc Bain; versión del inglés por A. Sanromá Nicolau. |
| 260 |
_aBarcelona : _bGustavo Gili, _c1956. |
||
| 300 |
_a467 p. : _bil. ; _c25 cm. |
||
| 700 | 1 |
_aSanromá Nicolau, A. _9103200 |
|
| 852 |
_aES-MaACL _jC-11231 _bR.39154 |
||
| 999 |
_c96029 _d96029 |
||